000 006120000a22001810004500
003 MACL
005 20160401154841.0
008 160401b xxu||||| |||| 00| 0 eng d
040 _aMACL
_cMACL
041 _aHindi
082 _a323
100 _aएस एस गौतम
_948175
245 _aआम आदमी का उत्‍तम हथियार
_bसूचना का अधिकार अधिनियम 2005
260 _bगौतम बुक सेन्‍टर
_c2006
_aदिल्‍ली
350 _a70
650 _aCivil & Political Rights
_92002
942 _cHIN
_k323
_2ddc
999 _c11125
_d11125